Dvojprahový model kritických ochorení v nemocenskom poistení

Informácie o problematike poistenia kritických ochorení. Stochastický model pre kritické ochorenia. Dvojprahový stochastický model. Korelácia v dvojprahovom modeli. Korelačné koeficienty.

Gespeichert in:
Bibliographische Detailangaben
1. Verfasser: Škrovánková, Petra, 1981-
Format: Buchkapitel
Sprache:Slowakisch
Schlagworte:
Tags: Tag hinzufügen
Keine Tags, Fügen Sie das erste Tag hinzu!

MARC

LEADER 00000nla$a2200000$$$4500
001 0107921
005 20240502072206.3
041 0 |a slo 
044 |a SK 
245 1 0 |a Dvojprahový model kritických ochorení v nemocenskom poistení  |c Petra Škrovánková 
520 |a Informácie o problematike poistenia kritických ochorení. Stochastický model pre kritické ochorenia. Dvojprahový stochastický model. Korelácia v dvojprahovom modeli. Korelačné koeficienty. 
610 2 0 |a poistenie zdravotné 
610 2 0 |a poistenie nemocenské 
610 2 0 |a chorobnosť 
610 2 0 |a modely matematicko-štatistické 
610 2 0 |a modely stochastické 
610 2 0 |a korelácia 
100 1 |a Škrovánková, Petra, 1981-